Khaak aur Khoon (Record no. 64934)

000 -LEADER
fixed length control field 00361nam a22001457a 4500
008 - FIXED-LENGTH DATA ELEMENTS--GENERAL INFORMATION
fixed length control field 150901b xxu||||| |||| 00| 0 eng d
040 ## - CATALOGING SOURCE
Transcribing agency LIBRARY
082 ## - DEWEY DECIMAL CLASSIFICATION NUMBER
Classification number 891.439 NAS
100 ## - MAIN ENTRY--PERSONAL NAME
9 (RLIN) 6249
Personal name Hijazi, Naseem
245 ## - TITLE STATEMENT
Title Khaak aur Khoon
Statement of responsibility, etc. Naseem Hijazi
260 ## - PUBLICATION, DISTRIBUTION, ETC.
Date of publication, distribution, etc. c.1998
300 ## - PHYSICAL DESCRIPTION
Extent 640
650 ## - SUBJECT ADDED ENTRY--TOPICAL TERM
9 (RLIN) 6251
Topical term or geographic name entry element General Book
General subdivision Urdu Literature
942 ## - ADDED ENTRY ELEMENTS (KOHA)
Source of classification or shelving scheme
Koha item type Book
Holdings
Withdrawn status Lost status Source of classification or shelving scheme Damaged status Not for loan Permanent Location Current Location Shelving location Date acquired Total Checkouts Full call number Barcode Date last seen Price effective from Koha item type
          Pakistan Navy Engineering College (PNEC) Pakistan Navy Engineering College (PNEC)       891.439 NAS PNECLIB-017025 09/01/2015   Book
© 2023 Central Library, National University of Sciences and Technology. All Rights Reserved.